000 01889nam a2200337 i 4500
001 190787
003 ES-MaACL
005 20250904060541.0
008 220707s2022 sp a 000 0 spa
020 _a978-84-338-6858-9
245 0 3 _aEl año "infausto" :
_bEspaña en 1921 /
_cDemetrio Castro (ed.).
260 _aGranada :
_bUniversidad de Granada ;
_aSevilla :
_bUniversidad de Sevilla,
_c2022.
490 1 _aHistoria
504 _aReferencias bibliográficas.
505 8 _aContiene: España y Europa en 1921 / Demetrio Castro . El magnicidio: Eduardo Dato, epígono del canovismo / Roberto Villa García . La fundación del Partido Comunista / Antonio Robles Egea . El desastre del año: Annual / Demetrio Castro . "La tía Tula", nivola de la virgen madre / Concha D'Olhaberriage . "España invertebrada": el pasado presente / Demetrio Castro . Francisco Pradilla, el fin de una época / María Isabel Cabrera García . Emilia Pardo Bazán, escritora ecléctica entre el XIX y el XX / María Aboal López
600 1 4 _aDato, Eduardo,
_d1856-1921
_942789
600 1 4 _aUnamuno, Miguel de,
_d1864-1936.
_tLa tía Tula
_9172374
600 1 4 _aOrtega y Gasset, José,
_d1883-1955.
_tEspaña invertebrada
_9174815
600 1 4 _aPradilla y Ortiz, Francisco,
_d1848-1921
_9174006
600 1 4 _aPardo Bazán, Emilia,
_cCondesa de,
_d1851-1921-
_xCrítica e interpretación
_988986
610 2 4 _aPartido Comunista de España.
_96135
650 7 _aDesastre de Annual, 1921
_2embne
_9176053
651 4 _aEspaña-
_xHistoria-
_y1902-1931, Alfonso XIII
_98276
700 1 _aCastro Alfín, Demetrio,
_d1951
_936902
710 2 _aUniversidad de Granada.
_97176
710 2 _aUniversidad de Sevilla.
_97301
830 1 _aHistoria
_9177536
852 4 _aES-MaACL
_jA-15009
_9 197970
_bR.153339
_cDEPO1
_dOlim: N-8009
_hDonación: Editorial
942 _2udc
999 _c190787
_d190787